| 000 | 00551nam a2200169 i 4500 | ||
|---|---|---|---|
| 001 | 177567 | ||
| 003 | ES-MaACL | ||
| 005 | 20251014063252.0 | ||
| 008 | 110404s1885 sp |||| | spa d | ||
| 080 | _a821.134.2-22"18" | ||
| 100 | 1 |
_aSellés, Eugenio, _d1842-1926 _9145933 |
|
| 245 | 1 | 3 |
_aLa vida pública _b: comedia en cuatro actos y en prosa / _coriginal de Eugenio Sellés. |
| 260 |
_aMadrid : _b[s.n.], _c1885 ( _fTip. de "El Globo") |
||
| 300 |
_aXXIV, 121 p. ; _c20 cm. |
||
| 852 |
_aES-MaACL _jT-367-F-2 |
||
| 999 |
_c177567 _d177567 |
||